[Event "ALG Cup"]
[Site "Bejaia"]
[Date "2020.02.27"]
[Round "1"]
[White "Maouchi, Sid Ahmed"]
[Black "Djabri, Massinas"]
[Result "0-1"]
[WhiteElo "1240"]
[BlackElo "2162"]
[PlyCount "60"]
[EventDate "2020.02.27"]
[EventType "swiss"]
[EventRounds "7"]
[EventCountry "ALG"]
[SourceTitle "CBM 195 Extra"]
[Source "ChessBase"]
[SourceDate "2020.05.31"]
[SourceVersion "1"]
[SourceVersionDate "2020.05.31"]
[SourceQuality "1"]

1. e4 c5 2. Nf3 d6 3. Bb5+ Bd7 4. c4 Nc6 5. Nc3 e6 6. 0-0 Nf6 7. d3 Be7 8. Be3 0-0 9. Qd2 a6 10. Ba4 Rb8 11. Rad1 Ne5 12. Nxe5 dxe5 13. Bxd7 Qxd7 14. h3 b5 15. b3 Rbd8 16. Qe2 Qc6 17. f4 exf4 18. Bxf4 b4 19. Na4 Nd7 20. Qg4 f5 21. Qg3 Nf6 22. exf5 exf5 23. Bh6 Nh5 24. Qf3 Qxh6 25. Rde1 Bf6 26. Kh2 Bd4 27. Re2 Kh8 28. g4 Qd6+ 29. Kg2 fxg4 30. Qe4 Qg3+ 0-1